000 01672nam a2200445 a 4500
001 22672
003 SK-KTurca
005 20260415142846.0
008 250414s1983 xo 0 slo
015 _aSNBA1983/03
035 _aSNK000033699
040 _aSNK
_bslo
_cSNK
_eAACR2
041 0 _aslo
044 _axo
_cSK
080 _a882-4
_21981
080 _a882-94
_21981
080 _a82(091)
_21981
080 _a882"18"
_21981
080 _a840"18"
_21981
100 1 _aTolstoj, Aleksej Nikolajevič,
_d1883-1945
_4aut
245 1 0 _aO umení
_bSkutočnosť, skúsenosť a tvorba
_cAleksej Nikolajevič Tolstoj ; Ondrej Marušiak, Ondrej Marušiak, Ondrej Marušiak, Jozef Michaláč, Maksim Gorkij, Taras Ševčenko, Victor Hugo, Henri Barbusse, Michail Jurgejevič Lermontov, Michail Jevgrafovič Saltykov-Ščedrin
250 _a1. vyd.
260 _aBratislava
_bPravda
_c1983
_eŽilina
_fPravda
300 _a207 s., 11,24 AH
_c21 cm
366 _e1000 výtl.
490 0 _aČlovek a umenie
700 1 _aMarušiak, Ondrej,
_d1926-2008
_4com
700 1 _aMarušiak, Ondrej,
_d1926-2008
_4trl
700 1 _aMarušiak, Ondrej,
_d1926-2008
_4[ADC]
700 1 _aMichaláč, Jozef,
_d1944-
_4bkd
700 1 _aGorkij, Maksim,
_d1868-1936
_4oth
700 1 _aŠevčenko, Taras Hryhorovyč,
_d1814-1861
_4oth
700 1 _aHugo, Victor,
_d1802-1885
_4oth
700 1 _aBarbusse, Henri,
_d1873-1935
_4oth
700 1 _aLermontov, Michail Jurievič,
_d1814-1841
_4oth
700 1 _aSaltykov-Ščedrin, Michail Jevgrafovič,
_d1826-1889
_4oth
942 _2ddc
_cKLDO
_n0
999 _c22672
_d22672